000 00554nam a22001932 4500
001 0000007033
005 20151217152020.0
008 071108s xx 000 0 eng d
020 _a0198525540 :
_cKES 7070
040 _aKABU
_cKABU
100 1 _aRosenzweig, J. B.
_@0000158061
245 1 0 _aFundamentals of beam physics /
_c J. B. Rosenzweig.
260 _aOxford :
_bO. U. P.,
_c2003.
300 _ax, 294 p.
650 0 _aParticle beams.
_@0000158062
908 _a071108
950 _@1
999 _c7355
_d7355